[Event "Schachfestival GM 2018"]
[Site "Lueneburg"]
[Date "2018.07.13"]
[Round "9"]
[White "Malakhatko, Vadim"]
[Black "Reuker, Jari"]
[Result "*"]
[WhiteElo "2499"]
[BlackElo "2377"]
[Annotator "ChessBase"]
[PlyCount "37"]
[EventDate "2018.07.05"]
[EventType "tourn"]
[EventCountry "GER"]
[SourceTitle "playchess.com"]
[Source "ChessBase"]
[SourceQuality "1"]
[TimeControl "40/5400+30:1800+30"]

1. c4 {[%emt 0:00:00]} Nf6 {[%emt 0:02:25]} 2. Nf3 {[%emt 0:00:00]} e6 {[%emt 0:00:07]} 3. g3 {[%emt 0:00:00]} d5 {[%emt 0:00:07]} 4. Bg2 {[%emt 0:00:00]} Be7 {[%emt 0:00:12]} 5. O-O {[%emt 0:00:07]} O-O {[%emt 0:00:08]} 6. d4 {[%emt 0:00:05]} dxc4 {[%emt 0:00:09]} 7. Ne5 {[%emt 0:00:06]} Nc6 {[%emt 0:00:20]} 8. Nxc6 {[%emt 0:00:07]} bxc6 {[%emt 0:00:05]} 9. Na3 {[%emt 0:00:05]} Bxa3 {[%emt 0:00:08]} 10. bxa3 {[%emt 0:00:03]} Rb8 {[%emt 0:00:51]} 11. Qa4 {[%emt 0:14:52]} Qxd4 {[%emt 0:22:50]} 12. Be3 {[%emt 0:00:05]} Qe5 {[%emt 0:05:06]} 13. Qxc4 {[%emt 0:02:25]} Nd5 {[%emt 0:05:32]} 14. Bc5 {[%emt 0:06:18]} Nb6 {[%emt 0:13:18]} 15. Qc2 {[%emt 0:00:34]} Rd8 {[%emt 0:00:41]} 16. f4 {[%emt 0:12:03]} Qf6 {[%emt 0:02:05]} 17. Rad1 {[%emt 0:00:22]} Bb7 {[%emt 0:09:13]} 18. a4 {[%emt 0:09:35]} a5 {[%emt 0:04:17]} 19. e3 {[%emt 0:18:49]} *

[Event "Schachfestival GM 2018"]
[Site "Lueneburg"]
[Date "2018.07.13"]
[Round "9"]
[White "Drozdowski, Kacper"]
[Black "Winterberg, Lukas"]
[Result "*"]
[WhiteElo "2455"]
[BlackElo "2372"]
[Annotator "ChessBase"]
[PlyCount "39"]
[EventDate "2018.07.05"]
[EventType "tourn"]
[EventCountry "GER"]
[SourceTitle "playchess.com"]
[Source "ChessBase"]
[SourceQuality "1"]
[TimeControl "40/5400+30:1800+30"]

1. e4 {[%emt 0:00:00]} c6 {[%emt 0:01:05]} 2. c4 {[%emt 0:00:00]} d5 {[%emt 0:00:26]} 3. cxd5 {[%emt 0:00:00]} cxd5 {[%emt 0:00:18]} 4. exd5 {[%emt 0:00:06]} Nf6 {[%emt 0:00:17]} 5. Qa4+ {[%emt 0:00:15]} Nbd7 {[%emt 0:00:51]} 6. Nc3 {[%emt 0:00:06]} g6 {[%emt 0:01:58]} 7. Nf3 {[%emt 0:00:07]} Bg7 {[%emt 0:00:09]} 8. Bc4 {[%emt 0:00:22]} O-O {[%emt 0:00:18]} 9. d3 {[%emt 0:00:05]} a6 {[%emt 0:00:30]} 10. Qa3 {[%emt 0:01:17]} Re8 {[%emt 0:04:25]} 11. O-O {[%emt 0:01:43]} Bf8 {[%emt 0:03:01]} 12. Be3 {[%emt 0:24:36]} b6 {[%emt 0:06:32]} 13. Bb5 {[%emt 0:14:48]} e6 {[%emt 0:07:07]} 14. Qa4 {[%emt 0:00:29]} Bb7 {[%emt 0:23:39]} 15. Bc6 {[%emt 0:01:07]} Bxc6 {[%emt 0:01:29]} 16. dxc6 {[%emt 0:00:17]} Nc5 {[%emt 0:01:33]} 17. Qh4 {[%emt 0:02:10]} Nd5 {[%emt 0:02:34]} 18. Bg5 {[%emt 0:11:52]} Qc7 {[%emt 0:08:40]} 19. Ne4 {[%emt 0:04:14]} Nxd3 {[%emt 0:03:24]} 20. Rad1 {[%emt 0:02:54]} *

[Event "Schachfestival GM 2018"]
[Site "Lueneburg"]
[Date "2018.07.13"]
[Round "9"]
[White "Wachinger, Nikolas"]
[Black "Karpatchev, Aleksandr"]
[Result "*"]
[WhiteElo "2340"]
[BlackElo "2469"]
[Annotator "ChessBase"]
[PlyCount "33"]
[EventDate "2018.07.05"]
[EventType "tourn"]
[EventCountry "GER"]
[SourceTitle "playchess.com"]
[Source "ChessBase"]
[SourceQuality "1"]
[TimeControl "40/5400+30:1800+30"]

1. e4 {[%emt 0:00:00]} e5 {[%emt 0:00:31]} 2. Nf3 {[%emt 0:00:00]} Nc6 {[%emt 0:00:05]} 3. d4 {[%emt 0:00:01]} exd4 {[%emt 0:00:05]} 4. Nxd4 {[%emt 0:00:06]} Bc5 {[%emt 0:02:08]} 5. Nb3 {[%emt 0:00:12]} Bb6 {[%emt 0:00:04]} 6. Nc3 {[%emt 0:00:07]} Nf6 {[%emt 0:01:19]} 7. Bg5 {[%emt 0:00:21]} h6 {[%emt 0:00:24]} 8. Bh4 {[%emt 0:00:16]} d6 {[%emt 0:00:16]} 9. a4 {[%emt 0:22:49]} a6 {[%emt 0:03:06]} 10. Qd2 {[%emt 0:17:35]} Be6 {[%emt 0:03:58]} 11. O-O-O {[%emt 0:15:28]} Nxe4 {[%emt 0:13:00]} 12. Qf4 {[%emt 0:00:38]} Ng5 {[%emt 0:00:09]} 13. Ne4 {[%emt 0:04:17]} f6 {[%emt 0:15:57]} 14. Nec5 {[%emt 0:04:42]} Bc8 {[%emt 0:12:47]} 15. Bc4 {[%emt 0:11:03]} Qe7 {[%emt 0:00:17]} 16. Rhe1 {[%emt 0:00:24]} Ne5 {[%emt 0:00:06]} 17. Qg3 {[%emt 0:04:49]} *

[Event "Schachfestival GM 2018"]
[Site "Lueneburg"]
[Date "2018.07.13"]
[Round "9"]
[White "Barath, Madhan"]
[Black "Lubbe, Nikolas"]
[Result "*"]
[WhiteElo "2321"]
[BlackElo "2463"]
[Annotator "ChessBase"]
[PlyCount "35"]
[EventDate "2018.07.05"]
[EventType "tourn"]
[EventCountry "GER"]
[SourceTitle "playchess.com"]
[Source "ChessBase"]
[SourceQuality "1"]
[TimeControl "40/5400+30:1800+30"]

1. d4 {[%emt 0:00:00]} Nf6 {[%emt 0:00:00]} 2. c4 {[%emt 0:00:00]} c5 {[%emt 0:00:00]} 3. d5 {[%emt 0:00:00]} g6 {[%emt 0:00:00]} 4. Nc3 {[%emt 0:00:00]} Bg7 {[%emt 0:00:08]} 5. e4 {[%emt 0:00:00]} d6 {[%emt 0:00:06]} 6. Nf3 {[%emt 0:10:28]} O-O {[%emt 0:01:09]} 7. Bd3 {[%emt 0:00:08]} e6 {[%emt 0:01:03]} 8. h3 {[%emt 0:07:18]} exd5 {[%emt 0:05:14]} 9. exd5 {[%emt 0:00:08]} Re8+ {[%emt 0:03:30]} 10. Be3 {[%emt 0:01:59]} Bh6 {[%emt 0:02:23]} 11. O-O {[%emt 0:02:18]} Bxe3 {[%emt 0:02:28]} 12. fxe3 {[%emt 0:00:05]} Nbd7 {[%emt 0:03:07]} 13. e4 {[%emt 0:11:26]} a6 {[%emt 0:10:07]} 14. a4 {[%emt 0:02:35]} Kg7 {[%emt 0:05:05]} 15. Rf2 {[%emt 0:13:30]} Qe7 {[%emt 0:08:24]} 16. Qd2 {[%emt 0:08:44]} Ng8 {[%emt 0:03:21]} 17. Raf1 {[%emt 0:11:06]} f6 {[%emt 0:03:40]} 18. e5 {[%emt 0:09:16]} *

[Event "Schachfestival GM 2018"]
[Site "Lueneburg"]
[Date "2018.07.13"]
[Round "9"]
[White "Ewert, Hannes"]
[Black "Vorobiov, Evgeny E"]
[Result "1/2-1/2"]
[WhiteElo "2318"]
[BlackElo "2564"]
[Annotator "TA"]
[PlyCount "24"]
[EventDate "2018.07.05"]
[EventType "tourn"]
[EventCountry "GER"]
[SourceTitle "playchess.com"]
[Source "ChessBase"]
[SourceQuality "1"]

{[%evp 19,24,37,30,4,22,0,70]} 1. d4 Nf6 2. Nf3 g6 3. g3 b6 4. c4 Bb7 5. Bg2 Bg7 6. O-O O-O 7. Qc2 c5 {A50: Queen's Fianchetto Defence (1 d4 Nf6 2 c4 b6)} 8. d5 b5 9. cxb5 (9. e4 bxc4 10. Rd1 d6 11. Na3 Nbd7 12. Nxc4 Ng4 13. Bd2 Ba6 14. Rab1 Nge5 15. Nfxe5 Nxe5 16. Nxe5 Bxe5 {½-½ (42) Mamedyarov,S (2799)-Artemiev,V (2691) Riadh 2017}) 9... d6 10. e4 a6 $1 {LiveBook: 5 Games} 11. bxa6 Nxa6 {[#] Threatens to win with ...Nb4.} 12. Nc3 Nd7 $146 ({Better is} 12... Nb4 $11 13. Qb1 Ba6) ({Predecessor:} 12... Nb4 13. Qb1 Ba6 14. Rd1 c4 15. Bf1 {0-1 (36) Amanov,M (2396)-Arjun,V (2373) Chicago 2008}) 1/2-1/2